Estatísticas para Países mais próximos do Laos - um minuto de corrida

Clique aqui para jogar o quiz

Estatísticas Gerais

  • Esse quiz foi jogado 25 vezes
  • A pontuação média é 15 de 20

Estatísticas das Respostas

kmpaís% Correto
0Camboja
100%
0China
95%
0Vietname
95%
1105Indonésia
90%
717Índia
86%
1864Japão
86%
0Tailândia
86%
945Malásia
81%
780Bangladesh
76%
0Birmânia
76%
1342Brunei
76%
1315Filipinas
76%
2603Coréia do Sul
71%
1396Nepal
71%
1072Butão
67%
1406Singapura
67%
1528Taiwan
67%
2714Coréia do Norte
62%
2148Mongólia
52%
2360Sri Lanka
52%

Distribuição das Pontuações

Percentil de Números Respondidos

Porcentagem de Pessoas com Cada Pontuação

Sua Pontuação Histórica

Você não jogou esse quiz